00750nam a22002057a 450000500170000001000150001702000260003203500140005803700140007208200150008610000200010124500700012126000570019127000650024830000220031350000350033594200290037099900190039995201260041820180828144439.0 aENG-123861 a9788172210526c360.00 aEN-107393 bDBAD/PUB. a320.550954 aGatade, Subhash aGodse's children :cby Subhash Gatadebhindutva terror in india / aNew DelhibPharos Media & Publishing Pvt. Ltd.c2011 aD-84, Abul Fazl Enclave - I, Jamia Nagar,bNew Delhie110025v a400p.c22cm(pbk.) aIt includes appendix and index 2ddccENmGATh320.550954 c156294d156294 001040708NFICaBL4bBNd2018-08-24eDBAD/PUBg360.00l0o320.550954 GATpEN-107393r2018-08-24 00:00:00t1v360.00yEN